LEADER 00933nam0-2200349---450- 001 990008449330403321 005 20160426101846.0 010 $a88-317-9019-6 035 $a000844933 035 $aFED01000844933 035 $a(Aleph)000844933FED01 035 $a000844933 100 $a20070115d2006----km-y0itay50------ba 101 0 $aita 102 $aIT 105 $a----a---001yy 200 1 $aApollo e Vulcano$ei mercati artistici in Italia (1400-1700)$fGuido Guerzoni 210 $aVenezia$cMarsilia$d2006 215 $a383 p.$d22 cm 225 1 $aSaggi 610 0 $aArte$aAspetti artistici 676 $a338.477 700 1$aGuerzoni,$bGuido$0299339 801 0$aIT$bUNINA$gRICA$2UNIMARC 901 $aBK 912 $a990008449330403321 952 $aSE122.06.14-$fDECSE 952 $a338.47 GUE 1$bBibl.55093$fFLFBC 959 $aFLFBC 959 $aDECSE 996 $aApollo e Vulcano$965046 997 $aUNINA LEADER 01410nam 2200385 450 001 9910712051503321 005 20190403134247.0 035 $a(CKB)5470000002489587 035 $a(OCoLC)1091358756 035 $a(EXLCZ)995470000002489587 100 $a20190403d2018 ua 0 101 0 $aeng 135 $aurbn||||a|||| 181 $ctxt$2rdacontent 182 $cc$2rdamedia 183 $acr$2rdacarrier 200 10$aDefense $eagreement between the United States of America and Gabon, effected by exchange of notes at Libreville, April 6 and September 7, 2018 210 1$a[Washington, D.C.] :$cUnited States Department of State,$d[2018?] 215 $a1 online resource (16 unnumbered pages) 225 1 $aTreaties and other international acts series ;$v18-907 517 3 $aAgreement between the United States of America and Gabon, effected by exchange of notes at Libreville, April 6 and September 7, 2018 606 $aMilitary assistance, American$zGabon 607 $aUnited States$xMilitary relations$zGabon 607 $aGabon$xMilitary relations$zUnited States 608 $aTreaties.$2lcgft 615 0$aMilitary assistance, American 712 02$aUnited States.$bDepartment of State, 712 02$aGabon, 712 02$aUnited States, 801 0$bGPO 801 1$bGPO 906 $aBOOK 912 $a9910712051503321 996 $aDefense$92306666 997 $aUNINA LEADER 02650nam 2200637Ia 450 001 9911019870503321 005 20200520144314.0 010 $a9786612112089 010 $a9781282112087 010 $a1282112082 010 $a9780470066690 010 $a0470066695 010 $a9780470066706 010 $a0470066709 035 $a(CKB)1000000000376419 035 $a(EBL)470376 035 $a(OCoLC)609849216 035 $a(SSID)ssj0000354567 035 $a(PQKBManifestationID)11295338 035 $a(PQKBTitleCode)TC0000354567 035 $a(PQKBWorkID)10315310 035 $a(PQKB)11517297 035 $a(MiAaPQ)EBC470376 035 $a(Perlego)2765283 035 $a(EXLCZ)991000000000376419 100 $a20740624d1985 uy 0 101 0 $aeng 135 $aur|n|---||||| 181 $ctxt 182 $cc 183 $acr 200 00$aOrganic reaction mechanisms$b[electronic resource] $ean annual survey covering the literature dated December 1982 through November 1983$i1983 /$fedited by A. C. Knipe and W. E. Watts 210 $aNew York $cJohn Wiley & Sons$d1985 215 $a1 online resource (601 p.) 225 1 $aOrganic Reaction Mechanisms Series ;$vv.91 300 $a"An Interscience publication." 311 08$a9780471905035 311 08$a0471905038 327 $aORGANIC REACTION MECHANISMS . 1983; Contents; 1. Reactions of Aldehydes and Ketones; 2. Reactions of Acids and their Derivatives; 3. Radical Reactions; 4. Radical Reactions 2; 5. Oxidation and Reduction; 6. Carbenes and Nitrenes; 7. Nucleophilic Aromatic Substitution; 8. Electrophilic Aromatic Substitution; 9. Carbocations; 10. Nucleophilic Aliphatic Substitution; 11. Carbanions and Electrophilic Aliphatic Substitution; 12. Elimination Reactions; 13. Addition Reactions-1. Polar Addition; 14. Addition Reactions-2. Cycloaddition; 15. Molecular Rearrangements; Author Index; Subject Index 330 $aThis, the 19th volume in the series, follows the same format as the preceding volumes, in surveying the research on organic reaction mechanisms described in the literature dated December 1982 to November 1983. 410 0$aOrganic Reaction Mechanisms Series 606 $aChemistry, Organic$vPeriodicals 606 $aChemistry$vPeriodicals 615 0$aChemistry, Organic 615 0$aChemistry 676 $a547.1 676 $a547.139 701 $aKnipe$b A. C$0854345 701 $aWatts$b W. E$095643 801 0$bMiAaPQ 801 1$bMiAaPQ 801 2$bMiAaPQ 906 $aBOOK 912 $a9911019870503321 996 $aOrganic reaction mechanisms$91910006 997 $aUNINA